(Record no. 188869)

MARC details
000 -LEADER
fixed length control field 00453nam a2200145Ia 4500
041 ## - LANGUAGE CODE
Language code of text/sound track or separate title Kurdish
082 ## - DEWEY DECIMAL CLASSIFICATION NUMBER
Classification number 891,072 cut-293 ب
100 ## - MAIN ENTRY--PERSONAL NAME
Personal name 20260118u\\\\\\\\\\\y0engy0103\\\\ba
Personal name د.هەڵمەت بایز
245 #0 - TITLE STATEMENT
Title دەقاوێزان لەرۆمانى ( دواهەمین هەنارى دونیا) ى ( بەختیار عەلى ) دا
250 ## - EDITION STATEMENT
Edition statement چ1
260 ## - PUBLICATION, DISTRIBUTION, ETC. (IMPRINT)
Place of publication, distribution, etc السليمانية - العراق
300 ## - PHYSICAL DESCRIPTION
Extent 400
942 ## - ADDED ENTRY ELEMENTS (KOHA)
Koha item type Books
Holdings
Withdrawn status Lost status Damaged status Not for loan Collection code Home library Current library Shelving location Date acquired Total Checkouts Full call number Barcode Date last seen Copy number Price effective from Koha item type
          Koya University Central Library Koya University Central Library Books 18/01/2026   891,072 cut-293 ب 0000092988 18/01/2026 1 18/01/2026 Books